[Event "Tatry Open 2018"]
[Site "Tatranska Lomnica"]
[Date "2018.10.01"]
[Round "3"]
[White "Valenta, Vit"]
[Black "Matras, Ondrej"]
[Result "1/2-1/2"]
[WhiteElo "2147"]
[BlackElo "2224"]
[Annotator "TA"]
[PlyCount "93"]
[EventDate "2018.09.30"]
[EventType "swiss"]
[EventCountry "SVK"]
[SourceTitle "playchess.com"]
[Source "ChessBase"]
[SourceQuality "1"]

{[%evp 12,93,24,14,66,2,20,14,54,43,51,0,0,0,17,19,15,11,21,21,45,35,40,0,4,0,10,0,0,0,0,4,0,-29,0,0,0,0,0,0,0,0,0,0,0,0,0,0,25,25,25,25,25,25,25,12,12,0,0,0,27,0,0,0,0,0,0,0,0,0,0,0,0,0,0,0,0,0,0,0,0,0,0,0]} 1. e4 e6 2. d4 d5 3. Nc3 Bb4 4. a3 Bxc3+ 5. bxc3 Ne7 6. Bd3 b6 {C15: French: 3 Nc3 Bb4: Unusual White 4th moves} (6... c5 7. Nf3 h6 8. O-O c4 9. Be2 Nbc6 10. a4 Qa5 11. Bb2 O-O 12. Re1 Bd7 13. Bf1 Ng6 14. Qd2 Rad8 {1-0 (45) Chigaev,M (2551)-Savchenko,B (2613) Sochi 2016}) 7. Nf3 {LiveBook: 4 Games} Bb7 (7... Ba6 $11) 8. e5 ({White should try} 8. exd5 $14 Nxd5 9. c4) 8... h6 9. O-O Nbc6 {[%cal Bb8c6,Bc6a5,Ba5c4][%mdl 32]} 10. a4 Na5 11. Ba3 $146 (11. Nh4 $14) ({Predecessor:} 11. Qe2 Qd7 12. Ba3 Nc4 13. Bxc4 dxc4 14. Bxe7 Qxe7 15. Qxc4 Bxf3 16. gxf3 {½-½ (58) Metev,M (2018)-Stoyanov,R (2143) Sofia 2016}) 11... Nc4 $11 12. Bxe7 Kxe7 13. Bxc4 dxc4 14. Nd2 Qd5 {[%csl Gb7][%cal Rd5g2] [#]} 15. f3 a5 16. Qe2 Ba6 17. Ne4 Rag8 18. Qf2 Bb7 19. Qh4+ Ke8 20. Rfe1 (20. Rfb1 {with more complications.} Qd8 21. Qf2 Bd5 22. Qe2 Qd7 23. Nd2) 20... Qd8 21. Qxd8+ Kxd8 22. Ng3 Ke7 23. Nf1 Bd5 24. Ne3 Rd8 25. Kf2 h5 26. h4 Rh7 27. Rh1 Rg8 28. Rh3 Rd8 29. Rg3 g6 30. Rh3 Rdh8 31. Kg3 Rg8 32. Kf4 Rd8 33. g4 Rg8 34. Kg5 Rhh8 35. Kf4 Rh7 36. Nxd5+ exd5 {[%mdl 4096] Endgame KRR-KRR. The position is equal.} 37. Rg1 hxg4 38. fxg4 g5+ 39. Kg3 gxh4+ 40. Rxh4 Rxh4 41. Kxh4 {KR-KR} Rh8+ 42. Kg3 $1 Rb8 43. Ra1 Ke6 44. Rf1 Rh8 45. Rf6+ Ke7 46. Rc6 Kd7 47. Rf6 {Precision: White = 61%, Black = 67%.} 1/2-1/2

[Event "Tatry Open 2018"]
[Site "Tatranska Lomnica"]
[Date "2018.10.01"]
[Round "3"]
[White "Sejkora, Vlastimil"]
[Black "Jablonicky, Martin"]
[Result "1-0"]
[WhiteElo "2111"]
[BlackElo "2346"]
[Annotator "TA"]
[PlyCount "109"]
[EventDate "2018.09.30"]
[EventType "swiss"]
[EventCountry "SVK"]
[SourceTitle "playchess.com"]
[Source "ChessBase"]
[SourceQuality "1"]

{[%evp 12,109,0,0,2,2,3,0,13,2,0,0,12,17,29,11,9,-13,-20,-16,-15,-21,-12,-20,-12,-27,7,0,0,0,0,-17,-12,-38,-29,-33,-28,-64,-61,-46,-29,-70,-47,-116,-97,-118,-117,-108,-109,-120,-122,-133,-122,-270,-265,-263,-243,-252,-248,-245,-243,-234,-241,-237,-241,-242,-188,-254,-254,-239,-243,-245,-231,-383,-363,-460,-455,-350,218,-48,492,482,464,463,5842,611,29961,29963,29961,29962,29960,29960,29972,29973,29972,29970,29959,29943,12845,12841]} 1. e4 e5 2. Nf3 Nc6 3. Bb5 a6 4. Bxc6 dxc6 5. O-O Ne7 6. c3 {C68: Ruy Lopez: Exchange Variation, sidelines} (6. Nxe5 Qd4 7. Qh5 g6 8. Nf3 Qxe4 9. Qa5 Bg4 10. Re1 Qd5 11. Qxc7 Bxf3 12. gxf3 Qxf3 13. Nc3 Qg4+ 14. Qg3 Qxg3+ 15. hxg3 Kd7 16. d3 Nd5 17. Ne4 f5 {½-½ (36) Martinez Alcantara,J (2527)-Cruz,C (2562) Havana 2018}) 6... Ng6 7. d4 {LiveBook: 4 Games} Bd6 8. Be3 $146 {The position is equal.} ({Predecessor:} 8. Bg5 f6 9. Be3 Bg4 10. Nbd2 O-O 11. Qb3+ Kh8 12. Qxb7 Rb8 13. Qxa6 Rxb2 14. Qxc6 {0-1 (47) Nevedomy,I-Nemets,A (2191) Berezovskoe 2008}) 8... O-O 9. Nbd2 Re8 10. dxe5 Nxe5 11. Nxe5 Bxe5 12. f4 Bf6 13. e5 Qd3 14. Re1 (14. Qf3 {with more complications.} Bg4 15. Qf2 Be7 16. Nb3 Qg6 17. Bc5) 14... Bh4 15. Nf3 Qxd1 16. Rexd1 Be7 17. h3 h5 18. Kf2 Bf5 19. Rg1 h4 20. Rad1 Be6 21. b3 c5 22. Rd2 a5 23. Rb1 a4 24. Ke2 axb3 25. axb3 Ra3 26. Rdb2 Rea8 27. Nd2 (27. c4 $15) 27... Ra2 $36 {[%mdl 2048] White is under strong pressure.} 28. c4 Bf5 29. Rxa2 Rxa2 30. Rc1 b6 31. Kf1 f6 32. Nb1 (32. Nf3 $17) 32... fxe5 $19 33. Nc3 Rb2 34. fxe5 c6 35. Ra1 Rxb3 36. Bd2 Bd3+ 37. Ke1 Bxc4 38. Ra7 Bf8 39. Ne4 (39. Kd1 $142) 39... Rb1+ 40. Kf2 Rf1+ 41. Ke3 b5 {[%cal Bb6b5,Bb5b4,Bb4b3][%mdl 32]} 42. Ng5 $2 (42. Ra8) 42... b4 43. e6 {[#] Threatens to win with Ra8.} b3 44. Rb7 {Strongly threatening Rb8.} Bd5 $4 {[%mdl 8192]} (44... Bd6 $19 {and all is fine.} 45. Bc3 Kf8 46. Rxg7 Bf4+ 47. Ke4 Bd5+ 48. Kd3 Bxg5 49. Rxg5 Rf2) 45. Bc3 $2 (45. Rb8 $18 {And now e7 would win.} b2 46. e7) 45... Rf5 $2 {[%mdl 8192] [#]} (45... b2 $15 {keeps the upper hand.} 46. Rxb2 Bd6) 46. Rb8 $1 $18 {e7 would kill now.} Bxe6 ({Much weaker is} 46... Rxg5 47. e7) 47. Nxe6 c4 (47... Kf7 $142 48. Nxf8 Rg5) 48. Nxf8 (48. Rxf8+ $142 Rxf8 49. Nxf8 Kxf8 50. Kd4) 48... Rxf8 49. Rxf8+ Kxf8 {[%mdl 4096] Endgame KB-KP} 50. Kd4 Kf7 51. Kxc4 g5 52. Kxb3 Ke6 53. Kc4 Kf5 54. Be1 Kf4 55. Kd3 {Precision: White = 38%, Black = 60%.} 1-0

[Event "Tatry Open 2018"]
[Site "Tatranska Lomnica"]
[Date "2018.10.01"]
[Round "3"]
[White "Lys, Josef"]
[Black "Vyskocil, Neklan"]
[Result "1/2-1/2"]
[WhiteElo "2086"]
[BlackElo "2315"]
[Annotator "TA"]
[PlyCount "221"]
[EventDate "2018.09.30"]
[EventType "swiss"]
[EventCountry "SVK"]
[SourceTitle "playchess.com"]
[Source "ChessBase"]
[SourceQuality "1"]

{[%evp 12,221,-8,-22,6,8,25,26,24,29,21,28,37,12,13,6,10,0,0,0,7,0,7,0,0,0,0,0,6,0,16,7,16,12,12,-126,-132,-144,-135,-137,-85,-85,-85,-85,-85,-87,-87,-99,-84,-87,-87,-87,-75,-75,-75,-75,-75,-82,-85,-101,-79,-79,-79,-86,-75,-75,-79,-79,-75,-75,-73,-75,-75,-73,-38,-73,-76,-75,-64,-73,-50,-78,-60,-84,-43,-51,-21,-39,-37,-70,-41,-55,-56,-67,-22,-21,-16,-25,-17,-16,0,-22,-22,-22,-22,-22,0,-20,0,-22,-22,-22,-30,-30,-26,-29,0,0,0,0,0,0,0,0,0,0,0,0,0,0,0,0,0,0,0,0,0,0,0,0,0,0,0,0,0,0,0,0,0,0,0,0,0,0,0,0,0,0,0,0,0,0,0,0,0,0,0,0,0,0,0,0,0,0,0,0,0,0,0,0,0,0,0,0,0,0,0,0,0,0,0,0,0,0,0,0,0,0,0,0,0,0,0,0,0,0,0,0,0,0,0,0]} 1. d4 Nf6 2. Bg5 c5 3. Bxf6 gxf6 4. c3 Qb6 5. Qd2 d5 6. e3 {A45: Trompowsky Attack} Bf5 (6... Nc6 7. Nf3 Rg8 8. g3 e5 9. Bg2 Be6 10. O-O cxd4 11. exd4 O-O-O 12. b3 h5 13. Qe3 {0-1 (26) Wang,C (2529)-Bu,X (2710) Shenzhen 2015}) 7. Nf3 {LiveBook: 3 Games} cxd4 $146 ({Predecessor:} 7... e6 8. Be2 cxd4 9. exd4 h5 10. b4 a5 11. b5 Nd7 12. O-O Rc8 13. Bd3 Be4 14. Qe2 f5 15. Nfd2 Bg7 16. Nf3 Bf8 17. Qd2 {½-½ (17) Chernyshov,K (2565)-Kononenko,D (2502) Pardubice 2008}) 8. cxd4 Bxb1 9. Rxb1 e6 10. Qc2 Qa5+ 11. Nd2 {And now Qc8+ would win.} Nd7 12. a3 Bd6 13. Bd3 Ke7 14. Ke2 Rac8 15. Qb3 Rc6 16. Rbc1 ({Not} 16. Qxb7 $2 Rb6 $19) 16... f5 17. g3 ({Don't go for} 17. Qxb7 $2 Rb6 $19) 17... Rhc8 $36 {[%mdl 2048] White is under pressure.} 18. Rc2 Rxc2 19. Bxc2 b5 20. Bd3 a6 21. Qa2 Nb6 22. Nb3 Qa4 23. Nc5 (23. Ra1 $11 {keeps the balance.}) 23... Bxc5 $17 24. dxc5 Rxc5 25. h3 b4 (25... Rc2+ $142 $1 26. Bxc2 Qxc2+ 27. Kf1 Nc4) 26. b3 Qxa3 27. Qxa3 bxa3 {[%mdl 4096] Endgame KRB-KRN} 28. Ra1 a5 29. Rxa3 h6 30. b4 axb4 31. Rb3 Na4 32. Rxb4 Nc3+ 33. Kf1 Ne4 34. g4 Rc3 35. Be2 Rc1+ 36. Kg2 Rc2 37. Kf1 fxg4 38. hxg4 Kf6 39. Rb7 Nd2+ 40. Kg2 Nc4 41. Kf1 Rc1+ 42. Kg2 Re1 43. Bf1 Ne5 44. Rb4 Ng6 45. Bb5 Rc1 46. Be2 Rc6 47. Rb7 Rd6 48. Rb4 e5 49. Rb7 Nf8 50. Bd1 Ne6 51. Kf1 d4 {Strongly threatening ...dxe3.} 52. exd4 exd4 53. Rb5 Ng5 54. f3 Ne6 55. Ke1 $1 Ra6 56. Kd2 Ra2+ 57. Kd3 Ra3+ 58. Kd2 Ra2+ 59. Kd3 Ra3+ 60. Kd2 Ng5 61. Rf5+ Ke7 62. Rf4 $1 Ne6 63. Rf5 Ra6 (63... Rc3 {feels hotter.} 64. Rh5 Ng5 65. Rxh6 f6 66. Rh1 Kd6) 64. Bb3 {The position is equal.} Rb6 (64... Nd8 {with more complications.} 65. Bd5 Ra3 66. Rh5 Kd6 67. Be4 Ne6) 65. Bxe6 Rxe6 $11 {KR-KR} 66. Kd3 Rd6 67. Rf4 Rf6 68. Re4+ Kf8 69. f4 Rg6 70. f5 Rg5 71. Rxd4 Kg7 72. Ke3 h5 73. Kf3 Kf6 74. Ra4 hxg4+ 75. Rxg4 Rxf5+ 76. Ke3 Re5+ 77. Kf3 Ke6 78. Ra4 Kf6 79. Rb4 Rf5+ 80. Kg3 Ra5 81. Kf4 Rf5+ 82. Kg3 Kg6 83. Ra4 Rg5+ 84. Kf3 Kh5 85. Rf4 f5 86. Kf2 Kg6 87. Ra4 Rh5 88. Kg3 Rg5+ 89. Kf3 Rg1 90. Rb4 Kg5 91. Ra4 Rb1 92. Ra3 Rb4 93. Rc3 Rh4 94. Kg2 Kg4 95. Rg3+ Kf4 96. Ra3 (96. Rb3 {seems wilder.} Rg4+ 97. Kf2 Ke4 98. Rb4+ Ke5 99. Rb2) 96... Rh6 97. Ra4+ Kg5 98. Kg3 Rd6 99. Ra3 Rd4 100. Rb3 Rg4+ 101. Kf3 Rh4 {[#] ( -> ...Rh3+)} 102. Kg2 Rh5 103. Rb4 Rh7 104. Kg3 Rh1 105. Ra4 Rg1+ 106. Kf3 Rf1+ 107. Kg3 f4+ 108. Kg2 Re1 109. Ra8 Re2+ 110. Kf3 Re3+ 111. Kf2 {Precision: White = 65%, Black = 59%.} 1/2-1/2

[Event "Tatry Open 2018"]
[Site "Tatranska Lomnica"]
[Date "2018.10.01"]
[Round "3"]
[White "Hursky, Karel P"]
[Black "Privara, Igor"]
[Result "0-1"]
[WhiteElo "2051"]
[BlackElo "2217"]
[Annotator "TA"]
[PlyCount "77"]
[EventDate "2018.09.30"]
[EventType "swiss"]
[EventCountry "SVK"]
[SourceTitle "playchess.com"]
[Source "ChessBase"]
[SourceQuality "1"]

{[%evp 12,76,8,7,12,4,20,16,21,22,34,35,32,-15,0,0,54,48,56,46,52,8,6,-14,-14,-14,-7,-33,-14,-11,-13,-20,0,-31,0,-11,19,16,15,-25,0,-15,8,-202,302,297,295,287,391,388,377,316,280,273,306,313,299,298,256,244,348,263,869,856,29981,29980,29999]} 1. Nf3 d5 2. e3 c5 3. d4 e6 4. Be2 Nf6 5. O-O Nc6 6. b3 cxd4 7. exd4 {LiveBook: 6 Games} Bd6 {D05: Colle System with ...e6} (7... Be7 8. a3 O-O 9. Bd3 a6 10. Bb2 b5 11. Nbd2 b4 12. axb4 Nxb4 13. Be2 a5 14. c3 Nc6 15. Ba3 {½-½ (38) Burmakin,V (2508)-Lintchevski,D (2532) Kazan 2017}) 8. c4 h6 $146 ({Predecessor:} 8... O-O 9. h3 b6 10. Be3 dxc4 11. bxc4 Bb7 12. Nbd2 Qc7 13. Rc1 Rac8 14. Qa4 Bf4 15. Qa3 {0-1 (32) Dralov,V (2233)-Chirikoov,E (2321) Kemerovo 2007}) 9. Bb2 O-O {The position is equal.} 10. Nc3 a6 11. c5 Bc7 12. Na4 Ne4 13. Ne5 f5 (13... Nxe5 $11 14. dxe5 Bd7) 14. f3 $14 Nf6 15. Qd2 Nd7 {[%cal Rd7e5]} 16. f4 Nf6 17. Bd3 Bd7 18. Qe3 $1 Ne4 19. Bxe4 fxe4 20. Nb6 Bxb6 21. cxb6 Nb4 22. Qc3 Nc6 23. Ba3 Rf6 24. Bc5 Rc8 25. g3 Be8 26. b4 Bh5 27. g4 $2 {[#]} (27. h3 $11 {and White is okay.}) 27... Bxg4 $4 {[%mdl 8192]} (27... Nxe5 $1 $19 28. dxe5 Rg6) 28. Nxg4 $18 Rg6 {[#] White must now prevent ...Qh4.} 29. Qh3 $1 Ne7 30. Kh1 Nf5 31. Ne3 Qf6 32. Nxf5 exf5 33. Rg1 Rxg1+ 34. Rxg1 Re8 35. Qe3 Qh4 (35... Re6 $142 36. a4 Kh7) 36. Qg3 {[%csl Gg1][%cal Rg3g7]} Qf6 $2 {[#]} (36... Qxg3 37. hxg3 Kf7) 37. Bd6 $1 {[%mdl 512]} Qxd4 (37... Qxd6 38. Qxg7#) 38. Be5 Rxe5 39. Qxg7# {[%mdl 32768] Precision: White = 50%, Black = 33%. . Loss on Time!?} 0-1

[Event "Tatry Open 2018"]
[Site "Tatranska Lomnica"]
[Date "2018.10.01"]
[Round "3"]
[White "Sturc, Jan"]
[Black "Pacher, Milan"]
[Result "0-1"]
[WhiteElo "2036"]
[BlackElo "2457"]
[Annotator "TA"]
[PlyCount "62"]
[EventDate "2018.09.30"]
[EventType "swiss"]
[EventCountry "SVK"]
[SourceTitle "playchess.com"]
[Source "ChessBase"]
[SourceQuality "1"]

{[%evp 18,62,31,-17,58,-4,14,8,45,42,39,42,73,41,41,36,47,37,36,38,44,31,40,35,36,0,5,0,19,6,25,29,85,-38,-60,-40,-53,-93,-94,-252,-239,-231,-241,-331,-312,-1735,-1660]} 1. e4 c5 2. Nf3 Nc6 3. d4 cxd4 4. Nxd4 e5 5. Nb5 d6 6. N1c3 a6 7. Na3 b5 8. Nd5 Nge7 9. Bg5 h6 10. Qh5 {LiveBook: 10 Games} Ra7 $146 {B32: Sicilian: Löwenthal and Kalashnikov Variations} (10... Rb8 $11) ({Predecessor:} 10... Be6 11. Rd1 Bxd5 12. exd5 Nd4 13. c3 b4 14. cxd4 bxa3 15. Bc4 Qc7 16. b3 g6 17. Qh3 Bg7 18. Bc1 {1-0 (42) Fier,A (2459)-Liascovich,L (2395) Villa Martelli 2006}) 11. h3 (11. Bd3 $14) 11... Be6 12. c3 Qb8 {The position is equal.} 13. Be3 Rb7 14. Rd1 Bxd5 15. exd5 Nd8 16. Nc2 g6 17. Qe2 Bg7 18. g4 O-O 19. Bg2 a5 20. O-O f5 21. gxf5 (21. f4 $5 {[%cal Rf4e5]}) 21... Nxf5 22. Qg4 Kh7 23. Be4 h5 24. Qg2 Bf6 (24... Nf7 $11 {keeps the balance.}) 25. Bg5 (25. Kh2 $16) 25... Bxg5 $15 26. Qxg5 Rg7 27. Kh1 Nf7 $36 {[%cal Bd8f7,Bf7g5,Bg5e4][%mdl 2080] Black has strong initiative.} 28. Qd2 $2 {[#]} (28. Qg2 $17) 28... Qd8 $1 $19 29. Rg1 {With the idea Bxf5.} Qh4 $1 {[%csl LRe4,LRh3][%cal Rh4h3]} 30. Qd3 Ng5 31. Kh2 $2 (31. Rxg5 Qxg5 32. Qf3) 31... Nxe4 {Precision: White = 30%, Black = 59%.} 0-1

[Event "Tatry Open 2018"]
[Site "Tatranska Lomnica"]
[Date "2018.10.01"]
[Round "3"]
[White "Czajkowski, Ryszard"]
[Black "Zatko, Gregor"]
[Result "0-1"]
[WhiteElo "2032"]
[BlackElo "2194"]
[Annotator "TA"]
[PlyCount "76"]
[EventDate "2018.09.30"]
[EventType "swiss"]
[EventCountry "SVK"]
[SourceTitle "playchess.com"]
[Source "ChessBase"]
[SourceQuality "1"]

{[%evp 14,76,25,18,24,19,56,8,26,22,26,33,30,29,32,0,23,-16,28,24,33,0,0,-14,-14,-21,-14,-29,-28,-452,-446,-473,-459,-436,-429,-495,-485,-687,-678,-674,-667,-664,-516,-513,-503,-495,-488,-691,-658,-1339,-1145,-9246,-12818,-7236,-6905,-5502,-2983,-2845,-2466,-12835,-12835,-12836,-12836,-12837,-12836]} 1. d4 Nf6 2. c4 Nc6 3. Nf3 e6 4. Nc3 Bb4 5. Qc2 O-O 6. a3 Bxc3+ 7. Qxc3 d6 8. Bg5 Re8 {E33: Nimzo-Indian: Classical: 4...Nc6} (8... Qe7 9. d5 Nb8 10. Bxf6 Qxf6 11. Qxf6 gxf6 12. e3 a5 13. b3 Na6 14. O-O-O Nc5 15. Nd2 Bd7 16. Be2 {0-1 (39) Maiorov,N (2552)-Wojtaszek,R (2711) Warsaw 2013}) 9. e3 Qe7 10. Be2 $146 ({Predecessor:} 10. Bd3 e5 11. d5 Nb8 12. e4 Bg4 13. Bxf6 Qxf6 14. Nd2 Nd7 15. b4 c5 16. f3 {½-½ (29) Proyer,E (1849)-Kamaryt,T (2109) Oberwart 2012}) 10... a5 {The position is equal.} 11. Bh4 a4 12. O-O e5 13. dxe5 dxe5 14. Rfe1 Bf5 15. Rad1 h6 16. Bxf6 Qxf6 17. c5 Ra5 18. Bc4 Qe7 19. Rc1 $1 Rd8 20. e4 Be6 21. Nxe5 $2 {[%mdl 8192]} (21. Bxe6 $11 Qxe6 22. Re2) 21... Rxc5 $19 {Black is clearly winning.} 22. Nxc6 Rxc6 23. Qe5 {[#]} Rc5 $1 {[%cal Rc5e5]} 24. Bd5 c6 {[%cal Bc7c6,Bc6d5][%mdl 32]} 25. f4 (25. Rxc5 $142 Qxc5 26. Qc7) 25... Rxc1 26. Rxc1 cxd5 27. Rc7 Qd6 28. Qxd6 Rxd6 {[%mdl 4096] Endgame KRB-KR} 29. f5 Rc6 30. Rxc6 (30. Rxb7 $142 Bc8 31. Rb8) 30... bxc6 31. fxe6 fxe6 {[%cal Bf7e6,Be6d5][%mdl 32]} 32. exd5 exd5 {KP-KP} 33. Kf2 Kf7 34. Ke3 Ke6 35. Kd4 Kd6 36. b3 c5+ 37. Kc3 axb3 38. Kxb3 Kc6 {Precision: White = 23%, Black = 78%.} 0-1

[Event "Tatry Open 2018"]
[Site "Tatranska Lomnica"]
[Date "2018.10.01"]
[Round "3"]
[White "Hrbek, Stepan"]
[Black "Mrva, Martin"]
[Result "0-1"]
[WhiteElo "2026"]
[BlackElo "2430"]
[Annotator "TA"]
[PlyCount "80"]
[EventDate "2018.09.30"]
[EventType "swiss"]
[EventCountry "SVK"]
[SourceTitle "playchess.com"]
[Source "ChessBase"]
[SourceQuality "1"]

{[%evp 10,80,28,16,15,15,34,0,47,-30,-35,-26,-41,-96,-105,-87,-54,-65,-54,-72,-60,-126,-126,-105,-116,-165,-162,-172,-161,-381,-380,-402,-327,-316,-314,-306,-293,-272,112,83,106,-135,-139,-124,-131,-116,-97,-195,-210,-200,-202,-222,-230,-227,-225,-293,-277,-346,-329,-426,-420,-420,-402,-589,-582,-653,-555,-1269,-1269,-1336,-1310,-1310,-1250]} 1. d4 Nf6 2. c4 g6 3. Nc3 Bg7 4. Nf3 O-O 5. Bg5 h6 6. Bh4 c5 {E61: King's Indian: Early deviations for White, including Smyslov System} 7. d5 Qa5 (7... e6 8. e4 exd5 9. e5 Qe8 10. Be2 Ng4 11. Nxd5 Na6 12. Nf6+ Bxf6 13. exf6 Qe6 14. O-O Nxf6 {1-0 (32) Mamedyarov,S (2753)-Grischuk,A (2779) Khanty-Mansiysk 2013}) 8. Qd2 e6 $146 {The position is equal.} ({Predecessor:} 8... d6 9. e3 a6 10. Rc1 g5 11. Bg3 Nh5 12. Be2 b5 13. b3 bxc4 14. Bxc4 Nd7 {0-1 (45) Collas,S (2295)-Jianu,V (2545) Skopje 2011}) 9. d6 ({White should try} 9. e4 $14) 9... Nc6 $11 10. e4 g5 11. Nxg5 ({White should play} 11. e5 $15 Ng4 12. Bg3) 11... hxg5 $17 12. Bxg5 Nh7 13. Bh6 Bxh6 14. Qxh6 Qd8 15. h4 ({Better is} 15. O-O-O $15) 15... Qf6 16. Qd2 Qd4 17. Qh6 f5 18. Rh3 {[%cal Bh1h3,Bh3g3,Bg3g6,Bg6g5][%mdl 32]} fxe4 19. Nd1 $2 (19. Rg3+ {was necessary.} Kh8 20. f4) 19... b6 $19 20. Rc1 Qf6 21. Rg3+ Kh8 22. Rg6 Qf7 23. Rc3 {Threatens to win with Rcg3.} Ne5 $2 (23... Bb7 $19 {And now ...Rg8 would win.} 24. Rcg3 Rg8) 24. Rg5 $1 $16 {[#]} Nd3+ $1 25. Bxd3 $2 (25. Rxd3 $1 $16 {is necessary to keep the advantage.} exd3 26. Bxd3) 25... exd3 $17 26. Rxd3 {[#]} Bb7 $1 27. Rdg3 {aiming for Rg7.} Rg8 28. Kf1 (28. f3 $17) 28... Qf6 29. Qh5 {[#]} Be4 $1 30. Nc3 Rxg5 31. hxg5 Qg6 32. Qe2 Bc6 ({Worse is} 32... Nxg5 33. Nxe4 Qxe4 34. Rxg5 $16) 33. Qe5+ Kg8 34. Rh3 Rf8 35. Qe2 Rf5 36. Re3 (36. Nd1 $142) 36... Rxg5 $19 {Black is clearly winning.} 37. f3 Qh6 38. Kg1 Rh5 {( -> ...Rh1+)} 39. Rd3 Rh1+ 40. Kf2 Qh4+ {Precision: White = 22%, Black = 63%.} 0-1

[Event "Tatry Open 2018"]
[Site "Tatranska Lomnica"]
[Date "2018.10.01"]
[Round "3"]
[White "Chubar, Vladimir"]
[Black "Parligras, Cosmin"]
[Result "1/2-1/2"]
[WhiteElo "2001"]
[BlackElo "2203"]
[Annotator "TA"]
[PlyCount "130"]
[EventDate "2018.09.30"]
[EventType "swiss"]
[EventCountry "SVK"]
[SourceTitle "playchess.com"]
[Source "ChessBase"]
[SourceQuality "1"]

{[%evp 9,130,19,14,1,35,20,25,19,49,39,37,8,43,26,27,24,91,98,100,96,104,108,89,55,107,92,128,116,203,203,202,200,192,122,164,162,170,165,181,170,167,164,151,141,139,131,142,142,141,142,159,148,152,158,158,156,159,159,146,147,225,209,209,146,151,155,209,209,259,259,259,259,285,259,327,259,327,259,327,259,327,266,266,258,258,0,0,0,0,0,0,0,0,0,0,0,0,0,0,0,0,0,0,0,0,0,0,0,0,0,0,0,0,0,0,0,0,0,0,5,5,5,49]} 1. Nf3 Nf6 2. d4 d5 3. Bf4 c5 4. e3 Qb6 5. Nc3 c4 (5... Bd7 6. Rb1 e6 7. dxc5 Bxc5 8. Bd3 Be7 9. O-O Nc6 10. Ne5 Nxe5 11. Bxe5 Bd6 12. Bxd6 Qxd6 13. Re1 {½-½ (51) Nguyen,N (2630)-Ponomariov,R (2694) Riadh 2017}) 6. Rb1 {D02: 1 d4 d5 2 Nf3 sidelines, including 2...Nf6 3 g3 and 2...Nf6 3 Bf4} Bg4 7. Be2 e6 8. O-O {White has an edge.} Be7 $146 ({Predecessor:} 8... Nc6 9. b3 Qa5 10. Ne5 Bf5 11. bxc4 Qxc3 12. Rxb7 Bxc2 13. Qe1 Qxe1 14. Rxe1 {1-0 (31) Reich,T (2368)-Terekhov,A (2307) Munich 2009}) 9. Ne5 Bxe2 10. Qxe2 Nbd7 11. e4 $36 {[%mdl 2048] White is more active.} Nxe5 12. Bxe5 {aiming for exd5.} O-O {[#]} (12... dxe4 $1 $11 {keeps the balance.} 13. Nxe4 Qc6 14. Nxf6+ Bxf6) 13. exd5 $1 $16 {Black must now prevent b3.} exd5 14. Bxf6 Bxf6 15. Nxd5 Qxd4 16. Nxf6+ gxf6 ({Black should try} 16... Qxf6 $14 17. Qxc4 Rad8) 17. Rfd1 Qc5 18. Qf3 Qc6 (18... Rae8 $16 19. Qxb7 Re6) 19. Qxc6 $18 bxc6 {[%mdl 4096] Endgame KRR-KRR} 20. Rd4 c3 21. Rg4+ Kh8 22. b3 Rad8 23. Rc4 Rd2 24. Rxc3 Re8 25. Rxc6 Kg7 26. Rc3 Ree2 27. Rg3+ Kf8 28. Rf3 Rxc2 29. a4 Rb2 {[%cal Rb2b1] [#]} 30. Rf1 Re6 31. g3 Rb6 32. Rc1 R2xb3 33. Rxb3 Rxb3 $16 {KR-KR} 34. Rc7 Ra3 (34... Kg7 $16 35. Rxa7 f5) 35. Rxa7 $18 f5 36. Kg2 Kg7 37. a5 {[%cal Ba4a5,Ba5a6,Ba6a7][%mdl 32]} Kf6 (37... h5 $16 38. Ra6 f4 39. gxf4 h4) 38. a6 Kg7 39. Ra8 Kf6 40. a7 Kg7 41. h3 h6 42. Kf1 Ra2 43. Ke1 Kh7 44. Kd1 Kg7 45. Kc1 h5 46. Kb1 Ra5 47. f4 $2 (47. Kb2 $18) 47... Ra6 {The position is equal.} 48. Kb2 Ra5 49. Kb3 Ra1 50. Kb4 Ra2 51. Kb5 Ra1 52. Kb6 Rb1+ $1 53. Kc5 Ra1 54. Kd5 Ra2 55. Kd4 Ra1 56. h4 {Threatens to win with Kc5.} Ra2 57. Ke5 Ra5+ 58. Kd6 {Hoping for Kc6.} Ra1 59. Kc5 {Kb6 is the strong threat.} Ra2 60. Kd6 Ra1 61. Ke7 {Strongly threatening Kd7.} Re1+ 62. Kd8 Rd1+ 63. Kc7 Rc1+ 64. Kb6 Rb1+ 65. Kc5 Ra1 {Precision: White = 70%, Black = 59%.} 1/2-1/2

[Event "Tatry Open 2018"]
[Site "Tatranska Lomnica"]
[Date "2018.10.01"]
[Round "3"]
[White "Bakalar, Jan"]
[Black "Pniaczek, Marek"]
[Result "0-1"]
[WhiteElo "2000"]
[BlackElo "2234"]
[Annotator "TA"]
[PlyCount "70"]
[EventDate "2018.09.30"]
[EventType "swiss"]
[EventCountry "SVK"]
[SourceTitle "playchess.com"]
[Source "ChessBase"]
[SourceQuality "1"]

{[%evp 10,70,32,12,48,26,51,9,38,12,6,-12,14,11,15,0,0,-37,-35,-35,-31,-41,-41,-63,-45,-63,-51,-96,-77,-127,-106,-120,-97,-100,-55,-74,-79,-100,-108,-128,-83,-133,-100,-151,-166,-392,-387,-484,-552,-729,-736,-732,-720,-796,-812,-795,-804,-767,-750,-764,-749,-1610,-1565]} 1. d4 Nf6 2. Nf3 g6 3. g3 Bg7 4. Bg2 O-O 5. O-O d6 6. Nc3 {LiveBook: 732 Games} Qe8 $146 {A49: 1 d4 Nf6 2 Nf3 g6 3 g3: Anti-King's Indian systems} ({Predecessor:} 6... Nbd7 7. e4 e5 8. h3 c6 9. Be3 Qc7 10. a4 a5 11. Qd2 Re8 12. Rad1 exd4 13. Nxd4 Ne5 14. b3 Qe7 15. f4 Ned7 16. Bf2 Nc5 17. Rfe1 Nfd7 18. Kh2 h5 19. Nf3 b6 20. Bd4 Bh6 21. e5 {0-1 (75) Harikrishna,P (2744)-Onischuk,V (2637) Riadh 2017}) 7. h3 Na6 8. Bg5 e5 {The position is equal.} 9. dxe5 dxe5 10. e4 h6 11. Be3 Qe7 12. Qc1 Kh7 13. g4 Nc5 {[%cal Ba6c5,Bc5e6,Be6d4][%mdl 32]} 14. Nd2 c6 {[%cal Bc7c6,Bc6c5][%mdl 32]} 15. Nb3 Ne6 16. f3 b6 17. Rd1 Bb7 18. Ne2 c5 19. Ng3 Rfd8 20. Bf1 Nd4 21. Kg2 Nd7 {[%cal Bf6d7,Bd7f8,Bf8e6,Be6f4][%mdl 32]} 22. c3 Ne6 23. Bb5 Ndf8 24. Rxd8 Rxd8 25. Qf1 Bf6 26. Bc4 (26. Rd1 $142) 26... Bg5 $17 27. Bxe6 $2 (27. Bxg5 {keeps fighting.} hxg5 28. Rd1) 27... Nxe6 $19 ({Weaker is} 27... Bxe3 28. Bc4 $17) 28. Bxg5 Qxg5 {Black is clearly winning.} (28... hxg5 $2 29. Kh2 $19) 29. Rd1 Nf4+ 30. Kf2 {[#]} Nxh3+ $1 {[%mdl 512]} 31. Kg2 (31. Qxh3 Rxd1) 31... Nf4+ 32. Kf2 {[#]} Ba6 $1 {[%mdl 512]} 33. c4 (33. Qxa6 Rxd1) 33... Rxd1 34. Qxd1 Bxc4 35. Qd7 Qh4 {Precision: White = 21%, Black = 65%.} 0-1